00262nam a2200109Ia 4500100002800000654002000028245003100048260003400079082001900113300000800132546001200140 aLester/R.H/ Enrick/N.L  aQuality Control aQuality Control for Profit bMarcel DekkeraNew Yorkc1985 a658.5bLes/Enr a475 aENGLISH